Carolina Panthers Head Coaches - Statistics

General Stats
  • This quiz has been taken 67 times
    37 since last reset
  • The average score is 4 of 7
Answer Stats
Hint Answer % Correct
Carolina Panthers 2011-2019 Ron Rivera
100%
Carolina Panthers 2020-2022 Matt Rhule
90%
Carolina Panthers 2023-Present Frank Reich
84%
Carolina Panthers 2002-2010 John Fox
65%
Carolina Panthers 1995-1998 Dom Capers
58%
Carolina Panthers 1999-2001 George Seifert
29%
Carolina Panthers 2019* Perry Fewell
13%
No matching quizzes found
Score Distribution
Percent of People with Each Score
Percentile by Number Answered
Your Score History
You have not taken this quiz since the last reset